Teatro de ópera chino: los niños del jardín de los perales
Guardat en:
| Autor principal: | |
|---|---|
| Format: | Llibre |
| Idioma: | espanyol |
| Publicat: |
Buenos Aires
Sudamericana
1963
|
| Edició: | 1a. ed |
| Matèries: | |
| Etiquetes: |
Afegir etiqueta
Sense etiquetes, Sigues el primer a etiquetar aquest registre!
|
MARC
| LEADER | 00000cam a2200000 a 4500 | ||
|---|---|---|---|
| 001 | UCE0812 | ||
| 003 | CL-VaPUC | ||
| 005 | 20201104172103.0 | ||
| 008 | 140307e19630000ag |||||||||||||||||spa|d | ||
| 999 | |c 354838 |d 354836 | ||
| 040 | |c Pontificia Universidad Católica de Valparaíso | ||
| 082 | 0 | 4 | |a 895.1 |b HUA |2 21 |
| 100 | 0 | |a Huang-Hung, Josephine |e author |9 573189 | |
| 245 | 1 | 0 | |a Teatro de ópera chino: los niños del jardín de los perales |
| 246 | 1 | 3 | |a El salón de jade |
| 246 | 1 | 3 | |a El pabellón del Fénix |
| 246 | 1 | 3 | |a La dicha matrimonial |
| 246 | 1 | 3 | |a La ciudad del dragón ciruela |
| 250 | |a 1a. ed | ||
| 260 | |a Buenos Aires |b Sudamericana |c 1963 | ||
| 300 | |a 175 p | ||
| 583 | |a last modification |c 20140307 11:03:00 |k Rodrigo Vera | ||
| 650 | 7 | |a LITERATURA CHINA |2 CL-VaPUC |9 352595 | |
| 650 | 7 | |a DRAMAS CHINOS |2 CL-VaPUC |9 321144 | |
| 650 | 7 | |a TEATRO CHINO |2 CL-VaPUC |9 267944 | |
| 942 | |c BK |2 ddc | ||
| 945 | |d 20140307 11:03:00 |a dcastane | ||
| 952 | |0 0 |1 0 |3 erb |4 0 |6 895_100000000000000_HUA_1963 |7 0 |8 A |9 461044 |a BIBART |b BIBART |i 5054923 |o 895.1 HUA 1963 |p 5054923 |r 2025-03-13 |w 2019-11-23 |y BK |z Catalogado en:20140307 |k ART | ||